| 000 | 00507pab a2200181 454500 | ||
|---|---|---|---|
| 008 | 180718b2013 xxu||||| |||| 00| 0 eng d | ||
| 100 | _aCharaniya, Shabana | ||
| 245 | _aState level integrated land use and transportation policy framework aimed at low carbon and sustainable growth in Indian cities | ||
| 260 | _c2013 | ||
| 300 | _ap.105-122. | ||
| 362 | _aJun | ||
| 650 | _aTransport | ||
| 650 | _aLand use | ||
| 700 | _aKhanna, Tarika | ||
| 773 | _aUrban India | ||
| 908 | _aN | ||
| 909 | _a104262 | ||
| 999 |
_c104258 _d104258 |
||